Loto Tactile (Record no. 146)

MARC details
000 -LEADER
Leader 00880nam a22001577a 4500
003 - IDENTIFIANT DE NUMÉRO DE CONTRÔLE
champ de contrôle OSt
005 - DATE ET HEURE DE LA DERNIÈRE TRANSACTION
champ de contrôle 20250405162037.0
008 - Éléments de longueur fixe - Renseignements généraux
Leader 250311b |||||||| |||| 00| 0 fre d
040 ## - SOURCE DE CATALOGAGE
Agence transcriptrice autismepaimpol.fr
245 ## - Titre
Titre Loto Tactile
246 ## - Pour qui ? Pour quoi ?
Pour quoi ? Pour qui ? Perception tactile 2 est un jeu de reconnaissance tactile de formes en 3 dimensions, il permet de développer le sens du toucher.
942 ## - Type d'objet
Type d'objet Loto
500 ## - Description
Description Choisissez une carte en bois et tentez de retrouver la forme représentée dans le sac. 2 pièces à retrouver pour chaque carte. Formes simples à plus complexes et détaillées. Ce jeu permet de travailler la discrimination tactile, la concentration et l’association des sens vue-toucher. Il faut « explorer » les pièces en bois du bout de ses doigts pour en identifier la forme.
520 ## - Abrégé
Abrégé <br/>
562 ## - NOTE D'IDENTIFICATION DE L'EXEMPLAIRE ET DE LA VERSION
Format de présentation Dim plaquettes bois 16 x 8 cm, 36 pièces en bois. Dès 3 ans.
999 ## -
-- 146
-- 146
Holdings
Statut retiré des collections Statut perdu Source de classification / plan de classement Statut endommagé Exclu du prêt Site de rattachement Site actuel Date d'acquisition Total des prêts Code à barres Vu en dernier Prix effectif de Type de document Koha
    Classification décimale de Dewey     Autisme Paimpol - Matériel Autisme Paimpol - Matériel 11/03/2025   83 11/03/2025 11/03/2025 Loto

Powered by Koha